000 00676nam a2200241Ia 4500
003 OSt
005 20220918192631.0
006 a|||||r|||| 00| 0
007 ta
008 220917b |||||||| |||| 00| 0 eng d
024 _a69,322
037 _cTextual
040 _aARTS
_cARTS
_beng
041 _2eng
_aeng
082 _aQ4:33, B2;L1
100 _aOldenberg Hermann
_925624
245 0 _aBuddha
_b his life, his doctrone his order tr by William hoset
260 _aDelhi
_bIndological book house India
_c1971
300 _aviii,454p.
_ccm.
650 _aRELIGION
942 _hQ4:33, B2;L1
_cTEXL
_2CC
999 _c195478
_d195478